000 00811nmm a2200265 a 4500
001 ocm000955210
003 TR-IsHL
005 20201028150200.0
008 150110s2014 tu tur
007 cr cn
020 _a9786054708468
035 _a955210
_b(N$T)
050 0 4 _aPL248.B394
_bO56 2014
090 0 4 _aPL248.B394
_bO56 2014
100 1 _aBayer, Selman
245 1 0 _aOlmaya devlet
_h[electronic resource] /
_cSelman Bayer
260 _aİstanbul :
_bDedalus Kitap,
_c2014
300 _a57 p.
650 4 _aDil ve Edebiyat
650 4 _aLanguage and Literature
650 0 _aTürk şiiri
650 0 _aTurkish poetry
650 7 _aLITERARY COLLECTIONS / Middle Eastern
_2bisacsh
856 4 0 _uhttp://search.ebscohost.com/login.aspx?direct=true&scope=site&db=e011xww&AN=955210
999 _c10337
_d10337